Michal Kováč: Európa diferencuje Slovensko osobitne a jeho vládu, respektíve vládnu koalíciu, takisto osobitne

Bibliographic Details
Main Authors: Kováč, Michal, 1930-2016 (Author), Šporer, Peter (Author)
Format: Article
Language:Slovak
PhysicalDescription:Fotogr. 1
Subjects:

MARC

LEADER 00000nab a2200000 a 4500
001 vtls000643197
003 SK-MaSNL
005 20260303200831.0
008 160401c1997 xo 0 slo
015 |a SNBRB19rr/mm-uuuuu 
035 |a CL0643336 
040 |a SNKBUCL  |b slo  |c SNKBUCL  |e AACR2 
041 0 |a slo 
044 |a xo  |c SK 
080 |a 32-051  |2 1981 
080 |a 342.511(437.6)  |2 1981 
100 1 |a Kováč, Michal,  |d 1930-2016  |4 aut  |9 53006 
245 1 0 |a Michal Kováč: Európa diferencuje Slovensko osobitne a jeho vládu, respektíve vládnu koalíciu, takisto osobitne  |c Michal Kováč, Peter Šporer 
300 |b Fotogr. 1 
600 1 7 |a Kováč, Michal,  |d 1930-2016  |2 snkbucl  |9 53006 
655 7 |a články z novín a časopisov  |2 snkbucl  |9 267496 
700 1 |a Šporer, Peter  |4 aut  |9 840908 
773 0 |t Trend  |g Č. 51 (1997), s. 7A 
850 |a Slovenská národná knižnica v Martine  |a MTA001 
852 |a SNK  |b KIS3GCP 
958 |a SK 
958 |a RK 
958 |a RBX 
999 |c 2170010  |d 2171940